The Annotated C++ reference manual / (Record no. 11467)

MARC details
000 -LEADER
fixed length control field 00794nam a2200253 a 4500
001 - CONTROL NUMBER
control field 00003257
008 - FIXED-LENGTH DATA ELEMENTS--GENERAL INFORMATION
fixed length control field 110328s1995 a g 000 0 eng d
020 ## - INTERNATIONAL STANDARD BOOK NUMBER
ISBN 0201514591 :
Terms of availability Tk.1782.00
040 ## - CATALOGING SOURCE
Original cataloging agency BD-DhIUB
Transcribing agency BD-DhIUB
082 04 - DEWEY DECIMAL CLASSIFICATION NUMBER
Classification number 005.133C++
Edition number 19
100 1# - MAIN ENTRY--PERSONAL NAME
Personal name Ellis, Margaret A.
245 00 - TITLE STATEMENT
Title The Annotated C++ reference manual /
Statement of responsibility, etc Margaret A. Ellis, Bjarne Stroustrup
250 ## - EDITION STATEMENT
Edition statement 1st ed.
260 ## - PUBLICATION, DISTRIBUTION, ETC. (IMPRINT)
Place of publication, distribution, etc Reading, Mass. :
Name of publisher, distributor, etc Addison-Wesley Publishing Company,
Date of publication, distribution, etc 1995.
300 ## - PHYSICAL DESCRIPTION
Extent x, 470 p. :
Other physical details ill. ;
Dimensions 23 cm.
520 0# - SUMMARY, ETC.
Summary, etc Computer Science
556 ## - INFORMATION ABOUT DOCUMENTATION NOTE
Information about documentation note 1997-06-05
526 ## - STUDY PROGRAM INFORMATION NOTE
Department Computer Science and Engineering
650 17 - SUBJECT ADDED ENTRY--TOPICAL TERM
Topical term or geographic name as entry element Computer programming
Source of heading or term Spines
650 17 - SUBJECT ADDED ENTRY--TOPICAL TERM
Topical term or geographic name as entry element Computer languages
Source of heading or term Spines
653 00 - INDEX TERM--UNCONTROLLED
Uncontrolled term C programming language
700 1# - ADDED ENTRY--PERSONAL NAME
Personal name Stroustrup, Bjarne
Holdings
Withdrawn status Lost status Source of classification or shelving scheme Damaged status Not for loan Home library Current library Shelving location Date acquired Cost, normal purchase price Full call number Barcode Date last seen Copy number Price effective from Koha item type
Withdrawn by 65th FC Meeting (2015) LOST Dewey Decimal Classification     Library, Independent University, Bangladesh (IUB) Library, Independent University, Bangladesh (IUB) General Stacks 21/04/2011 0.00 005.133C++ E47a 004747 18/05/2011 1 18/05/2011 Books